Studi sulla tutela impuberum

Bibliographic Details
Main Author: Schilardi, Anna Paola
Format: eBook
Language:Italian
Published: Bari : Cacucci Editore, 2013
Subjects:
Online Access:Acceso restringido

MARC

LEADER 00000nam a22000007a 4500
005 20130916164717.0
007 cr|||| ||||
008 130916s2013 it |||||s|||| 00||0 ita d
020 |a 978-88-6611-267-9 
035 |a 11472 
040 |a vLex 
090 |c 4487  |d 4487 
100 1 |a Schilardi, Anna Paola 
245 1 0 |a Studi sulla tutela impuberum  |h [Recurso electrn̤ico] /  |c Anna Paola Schilardi 
256 |a Servicio en ln̕ea 
260 |a Bari :  |b Cacucci Editore,   |c 2013 
300 |a 1 recurso electrn̤ico 
506 1 |a Contenido solo disponible en los productos indicados  |d vLex Global  |d vLex Global (Academic Edition, excluding Law Schools)  |d vLex Global (U.S. Academic Edition, Law Schools)  |d vLex Global (U.S. Academic Edition, excluding Law Schools)  |d vLex Global (Academic Edition, Law Schools) 
650 0 4 |a Tutela y curatela  |z Italia 
740 0 |a vLex Libros (Servicio en ln̕ea) 
856 4 0 |u http://vlex.com/source/studi-sulla-tutela-impuberum-11472  |z Acceso restringido 
942 |c BOOK 
999 0 |a Guardian and ward (Roman law)